LEADER 01057nam1 2200349 450 001 990003601300203316 005 20111206124141.0 035 $a000360130 035 $aUSA01000360130 035 $a(ALEPH)000360130USA01 035 $a000360130 100 $a20111206d--------km-y0itay50------ba 101 0 $aeng 102 $aGB 105 $aa|||||||001yy 200 1 $a<> stones of Venice$fby John Ruskin$gwith illustrations by the author 210 $aLondon$aNew York$cRoutledge$cDutton 215 $avolumi$d16 cm 463 \1$1001990003601330203316$12001 $a<> foundations 463 \1$1001990003601340203316$12001 $a<> fall 606 0 $aArchitettura$yVenezia 676 $a720.945311 700 1$aRUSKIN,$bJohn$011255 801 0$aIT$bsalbc$gISBD 912 $a990003601300203316 951 $aXV.2.A. 962 /$cXV.2.A. 959 $aBK 969 $aCUOMO 979 $aDIONIGI$b90$c20111206$lUSA01$h1231 979 $aDIONIGI$b90$c20111206$lUSA01$h1241 996 $aStones of Venice$9323836 997 $aUNISA